LEADER 02583 am 2200529 n 450 001 9910568196003321 005 20210908 010 $a2-84016-428-0 024 7 $a10.4000/books.pupo.15935 035 $a(CKB)4100000012875573 035 $a(FrMaCLE)OB-pupo-15935 035 $a(oapen)https://directory.doabooks.org/handle/20.500.12854/86563 035 $a(PPN)263271803 035 $a(EXLCZ)994100000012875573 100 $a20220520j|||||||| ||| 0 101 0 $afre 135 $auu||||||m|||| 181 $ctxt$2rdacontent 182 $cc$2rdamedia 183 $acr$2rdacarrier 200 10$aLuchino Visconti, entre Giovanni Verga et Gabriele D?Annunzio /$fJeanclaude Arnod 210 $aNanterre $cPresses universitaires de Paris Nanterre$d2021 215 $a1 online resource (220 p.) 225 1 $aCahiers d?Italies 311 $a2-84016-362-4 330 $aLuchino Visconti, metteur en scène de cinéma, de théâtre mais aussi d?opéra a été particulièrement influencé par la littérature de la fin du XIXe siècle et du début du XXe siècle. S?il reste, près de 50 ans après sa mort, l?esthète décadent, lecteur de Marcel Proust et de Thomas Mann, il n?en a pas moins été influencé par les ?uvres de deux autres écrivains, italiens ceux-là : Giovanni Verga et Gabriele D?Annunzio. Si leur notoriété est moins éclatante, ils ont, malgré tout, fortement marqué le parcours du réalisateur, qui adapta du premier I Malavoglia (son deuxième film) et du second L?Innocente (son dernier film). Cet ouvrage s?interroge sur l?ampleur de ces influences littéraires et sur les rapports entretenus par Visconti avec Verga et D?Annunzio à travers l?analyse de quatre de ses films : La terra trema, Roccoe i suoi fratelli, Vaghe stelle dell?Orsa? et L?Innocente, dans lesquels leur empreinte est particulièrement prégnante. 606 $aArt 606 $aLiterature, Romance 606 $aFilm Radio Television 606 $alittérature 606 $acinéma 606 $aanalyse comparative 610 $alittérature 610 $acinéma 610 $aanalyse comparative 615 4$aArt 615 4$aLiterature, Romance 615 4$aFilm Radio Television 615 4$alittérature 615 4$acinéma 615 4$aanalyse comparative 700 $aArnod$b Jeanclaude$01289712 801 0$bFR-FrMaCLE 906 $aBOOK 912 $a9910568196003321 996 $aLuchino Visconti, entre Giovanni Verga et Gabriele D?Annunzio$93021204 997 $aUNINA